[Event "Let's Play Chess!"]
[Site "http://www.queenalice.com/game.php?id=263228"]
[Date "2007.8.29"]
[Round "-"]
[White "Petruzza"]
[Black "Jaione"]
[Result "1-0"]
[WhiteElo "1524"]
[BlackElo "1663"]

1. e3 e5 2. d4 e4 3. Nc3 d5 4. b3 Nf6 5. h3 Bb4 6. Bd2 Bxc3 7. Bxc3 O-O 8. g4 h6
9. g5 hxg5 10. h4 g4 11. Bb4 Re8 12. h5 Nh7 13. Ne2 Na6 14. Ba3 c6 15. Qd2 b5
16. Nf4 Rb8 17. Rc1 b4 18. Bb2 Bf5 19. Bxa6 Rb6 20. Be2 a5 21. c3 Qd6 22. cxb4
axb4 23. Rh4 g5 24. hxg6 fxg6 25. Bxg4 Bxg4 26. Rxg4 g5 27. Ke2 Qh6 28. a4 bxa3
29. Bxa3 Rxb3 30. Bc5 Nf6 31. Rg2 Kf7 32. Qc2 Reb8 33. Bd6 Rb2 34. Bxb8 Rxc2+
35. Rxc2 gxf4 36. exf4 Qh5+ 37. Kd2 Qf3 38. Rg5 Qxf2+ 39. Kc3 Qe3+ 40. Kb2 Qxd4+
41. Kb1 Qb4+ 42. Rb2 Qe1+ 43. Ka2 Qa5+ 44. Kb1 Qd8 45. Rb7+ Nd7 46. Rf5+ Kg6 47.
Rg5+ Kh6 48. Rb2 Qxb8 49. Rxb8 Nxb8 50. Kc2 Na6 51. Kc3 Nc5 52. Rg1 Ne6 53. f5
Nf4 54. Kb4 e3 55. f6 e2 56. Kc3 d4+ 57. Kd2 d3 58. f7 Ne6 59. Kxd3 e1=Q 60.
Rxe1 Nf8 61. Rg1 Kh7 62. Kc4 Kh8 63. Kc5 Nd7+ 64. Kd6 Nf8 65. Rg8+ Kh7 66. Rxf8
Kg7 67. Ke7 c5 68. Rg8+ Kh7 69. f8=Q 1-0

[Event "Let's Play Chess!"]
[Site "http://www.queenalice.com/game.php?id=263836"]
[Date "2007.8.30"]
[Round "-"]
[White "Jaione"]
[Black "kiko_rs"]
[Result "1-0"]
[WhiteElo "1656"]
[BlackElo "1549"]

1. e4 c5 2. c4 Nc6 3. d3 g6 4. Nf3 Bg7 5. Be2 Nf6 6. O-O e5 7. Bg5 O-O 8. Nc3 d6
9. b3 a6 10. a4 Qa5 11. Bxf6 Bxf6 12. Nd5 Bg7 13. Nh4 Qd8 14. g3 Bh6 15. f4 Bxf4
16. Nxf4 exf4 17. Rxf4 Nd4 18. Bg4 Bxg4 19. Rxg4 Qf6 20. Rf4 Qg5 21. Nf3 Nxf3+
22. Qxf3 f5 23. Rf1 Rf6 24. h4 Qh6 25. exf5 Raf8 26. Qd5+ R8f7 27. fxg6 Qxg6 28.
Rxf6 Qxg3+ 29. Qg2 Qxg2+ 30. Kxg2 Rxf6 31. Rxf6 Kg7 32. Rxd6 h5 33. d4 cxd4 34.
Rxd4 Kf6 35. Rd7 Ke6 36. Rxb7 Ke5 37. Ra7 Kd4 38. Rxa6 Kc3 39. c5 Kxb3 40. c6
Kb4 41. c7 1-0

[Event "Challenge"]
[Site "http://www.queenalice.com/game.php?id=264889"]
[Date "2007.9.1"]
[Round "-"]
[White "Jaione"]
[Black "ESSantos"]
[Result "1-0"]
[WhiteElo "1635"]
[BlackElo "1752"]

1. d4 e6 2. e4 e5 3. d5 Bc5 4. Nf3 d6 5. Be2 Qf6 6. O-O Qg6 7. Bd3 Bh3 8. Ng5
Bd7 9. Qf3 f6 10. Ne6 Bb6 11. Be3 Bxe6 12. Bxb6 axb6 13. dxe6 Ne7 14. Nc3 Nbc6
15. Nb5 Rc8 16. c4 Nb4 17. Bb1 Nec6 18. Rd1 O-O 19. a3 Na6 20. Ba2 f5 21. Qg3
Qxg3 22. fxg3 fxe4 23. Rf1 Nc5 24. Rxf8+ Kxf8 25. Rf1+ Ke7 26. Rf7+ Kxe6 27.
Rxg7 Ne7 28. Rxh7 c6 29. Rh6+ Kf5 30. Nxd6+ Kg5 31. Nxc8 Kxh6 32. Nxe7 Kg5 33.
b4 Na4 34. Kf2 Nc3 35. Bb3 Kf6 36. Nc8 b5 37. c5 Nb1 38. a4 bxa4 39. Bxa4 Ke6
40. Bb3+ Kd7 41. Nb6+ Ke7 42. Ke3 Nc3 43. Bc2 Nd5+ 44. Nxd5+ cxd5 45. h4 Kf6 46.
g4 1-0

[Event "Challenge"]
[Site "http://www.queenalice.com/game.php?id=265261"]
[Date "2007.9.1"]
[Round "-"]
[White "Mehmed100"]
[Black "Jaione"]
[Result "1-0"]
[WhiteElo "1624"]
[BlackElo "1653"]

1. e4 e5 2. Nc3 d6 3. f4 exf4 4. Nf3 Bg4 5. d4 Bxf3 6. Qxf3 g5 7. Bd2 Nc6 8. Bb5
Qd7 9. d5 Rb8 10. O-O-O a6 11. dxc6 bxc6 12. Bxa6 Nf6 13. e5 Ng4 14. e6 Qxe6 15.
Qxc6+ Kd8 16. Rhe1 Ne5 17. Rxe5 Rb6 18. Qa8+ Kd7 19. Rxe6 Kxe6 20. Qd5+ Kd7 21.
Qf5+ Kc6 22. Bc8 Bg7 23. Qd5# 1-0

[Event "Challenge"]
[Site "http://www.queenalice.com/game.php?id=267289"]
[Date "2007.9.5"]
[Round "-"]
[White "Hugo_Gtz"]
[Black "Jaione"]
[Result "1-0"]
[WhiteElo "1775"]
[BlackElo "1661"]

1. e4 e5 2. Nc3 Nf6 3. Bc4 d6 4. d3 Be7 5. h3 c5 6. Nf3 O-O 7. Nd5 Be6 8. Nxe7+
Qxe7 9. Bg5 h6 10. Bh4 g5 11. Bg3 Bxc4 12. dxc4 Nxe4 13. O-O f5 14. a3 f4 15.
Bh2 Nc6 16. Qd5+ Rf7 17. Qxe4 Rd8 18. Rad1 a6 19. b3 Na5 20. Qg6+ Rg7 21. Qxh6
Rf8 22. Rxd6 Nc6 23. Qe6+ Qxe6 24. Rxe6 Kf7 25. Rd6 e4 26. Nd2 Re8 27. Kh1 Ke7
28. Rd5 b6 29. Nxe4 g4 30. Bxf4 gxh3 31. gxh3 Rh7 32. Kh2 Nd4 33. Bg5+ Ke6 34.
f4 Nf5 35. Re1 Nd4 36. Nf6+ Kf7 37. Rxe8 Nf3+ 38. Kg3 Nxg5 39. fxg5 Rg7 40. Ne4
Kxe8 41. h4 Ke7 42. Rd6 Ke8 43. Rxb6 Ra7 44. Nxc5 a5 45. Ra6 Re7 46. Rxa5 Re2
47. a4 Rxc2 48. Ra7 Re2 49. a5 Kd8 50. a6 Kc8 51. Rb7 Re5 52. Na4 Ra5 53. Rb6
Re5 54. c5 Re7 55. Kg4 Rd7 56. g6 Rd4+ 57. Kg5 Rd5+ 58. Kf6 Rh5 59. g7 1-0

[Event "Challenge"]
[Site "http://www.queenalice.com/game.php?id=267571"]
[Date "2007.9.6"]
[Round "-"]
[White "Jaione"]
[Black "jojo2017"]
[Result "0-1"]
[WhiteElo "1668"]
[BlackElo "1903"]

1. d4 d5 2. e3 Nf6 3. Nf3 Ne4 4. Bd3 Bg4 5. h3 Bh5 6. g4 Bg6 7. h4 f6 8. h5 Bf7
9. Bxe4 dxe4 10. Nfd2 Bd5 11. c4 Be6 12. d5 Bd7 13. Nxe4 e6 14. Nc5 b6 15. dxe6
Bc6 16. Qxd8+ Kxd8 17. O-O Bxc5 18. a3 Re8 19. b4 Bd6 20. b5 Be4 21. f3 Bd3 22.
Rf2 Be5 23. Raa2 Bxb1 24. Rad2+ Kc8 25. f4 Bc3 26. Rd5 Rxe6 27. f5 Re4 28. Rg2
Nd7 29. Bd2 Rxc4 30. g5 Be4 31. Bxc3 Bxd5 32. Rg3 Rxc3 33. g6 h6 34. Kh2 Ne5 35.
Kh3 Rc1 36. e4 Bxe4 37. Re3 Bxf5+ 38. Kg3 Kb7 39. a4 Rd8 40. Re2 Rd3+ 41. Kf4
Rf1+ 0-1

[Event "Challenge"]
[Site "http://www.queenalice.com/game.php?id=267598"]
[Date "2007.9.6"]
[Round "-"]
[White "Jaione"]
[Black "Petruzza"]
[Result "1-0"]
[WhiteElo "1639"]
[BlackElo "1568"]

1. d4 e6 2. e3 d5 3. Nf3 f5 4. Nc3 b6 5. b3 a5 6. a4 Nc6 7. Bb5 Bd7 8. Bxc6 Bxc6
9. Ne5 Ne7 10. Ba3 Bb7 11. O-O Ng6 12. Qh5 Rg8 13. Qxh7 Bxa3 14. Qxg8+ Ke7 15.
Qf7+ Kd6 16. Nb5# 1-0

[Event "Challenge"]
[Site "http://www.queenalice.com/game.php?id=268593"]
[Date "2007.9.8"]
[Round "-"]
[White "Jaione"]
[Black "Mehmed100"]
[Result "0-1"]
[WhiteElo "1668"]
[BlackElo "1752"]

1. d4 c6 2. Nc3 d5 3. Nf3 Nf6 4. Bf4 Bg4 5. e3 e6 6. Be2 Bd6 7. Ne5 Bxe5 8. Bxe5
Bf5 9. g4 Be4 10. f3 Bg6 11. g5 Nfd7 12. Bxg7 Rg8 13. Bh6 c5 14. h4 cxd4 15.
exd4 Qc7 16. Kf2 Nc6 17. a3 Qf4 18. Bd3 Nxd4 19. Bxg6 hxg6 20. Rh3 Ne5 21. Ne2
Ng4+ 22. Ke1 Nxf3+ 23. Rxf3 Qxf3 24. Qd4 Qh1+ 25. Ng1 Qxh4+ 26. Kd2 Qh2+ 27. Ne2
Nxh6 28. Qa4+ Kf8 29. Qb4+ Kg7 30. gxh6+ Qxh6+ 31. Kc3 Qe3# 0-1

[Event "Challenge"]
[Site "http://www.queenalice.com/game.php?id=271029"]
[Date "2007.9.13"]
[Round "-"]
[White "conan"]
[Black "Jaione"]
[Result "1/2-1/2"]
[WhiteElo "1609"]
[BlackElo "1654"]

1. e4 e5 2. d4 exd4 3. Qxd4 Nc6 4. Qe3 d6 5. c4 Nf6 6. Nc3 Nb4 7. Qe2 Be7 8. h4
O-O 9. Bf4 a5 10. a3 Nc6 11. O-O-O Nd4 12. Rxd4 c5 13. Rd5 Be6 14. g4 Bxd5 15.
exd5 Re8 16. g5 Nd7 17. h5 Bxg5 18. Qf3 Re1+ 19. Kc2 Rxf1 20. Nh3 Rxh1 21. Qxh1
Bxf4 22. Nxf4 Qg5 23. Nce2 Re8 24. Kb3 Nb6 25. Qg2 Qxg2 26. Nxg2 Rxe2 27. Ne3
Rxf2 28. Kc3 Na4+ 29. Kb3 Nxb2 30. Ng4 Re2 31. h6 Nd3 32. Ka4 f5 33. hxg7 fxg4
34. Kxa5 Kxg7 35. a4 Rb2 1/2-1/2

[Event "Challenge"]
[Site "http://www.queenalice.com/game.php?id=274978"]
[Date "2007.9.21"]
[Round "-"]
[White "Jaione"]
[Black "danniel"]
[Result "0-1"]
[WhiteElo "1659"]
[BlackElo "1649"]

1. d4 d5 2. e3 h5 3. Nf3 Bg4 4. Be2 c5 5. Ne5 f5 6. Bxg4 hxg4 7. h3 c4 8. c3 Na6
9. b3 b5 10. hxg4 Rxh1+ 11. Ke2 Rxd1 12. Kxd1 e6 13. gxf5 exf5 14. Nd2 b4 15.
Bb2 Bd6 16. f4 Bxe5 17. dxe5 Qh4 18. Ke2 Nh6 19. Nf3 Qg3 20. Rg1 Ng4 21. Rf1
Qxg2+ 22. Ke1 Qxb2 23. cxb4 c3 24. Kd1 Nxe3+ 25. Ke1 Nxb4 26. Rf2 Nd3# 0-1

[Event "Challenge"]
[Site "http://www.queenalice.com/game.php?id=274979"]
[Date "2007.9.21"]
[Round "-"]
[White "Jaione"]
[Black "danniel"]
[Result "1-0"]
[WhiteElo "1626"]
[BlackElo "1680"]

1. d4 g6 2. d5 d6 3. e4 h5 4. Nf3 Bh6 5. Bc4 Bg4 6. h3 Bxf3 7. gxf3 a6 8. Bxh6
Nxh6 9. Nc3 c5 10. f4 Nd7 11. Qf3 b5 12. Be2 e5 13. dxe6 fxe6 14. O-O-O Rf8 15.
Qg3 d5 16. Qxg6+ Nf7 17. Qxe6+ Qe7 18. Qxd5 Rd8 19. Bxh5 Nb6 20. Qc6+ Nd7 21.
Nd5 Qxe4 22. Nf6+ Ke7 23. Nxe4 Nb8 24. Qxc5+ Ke6 25. Bxf7+ Kxf7 26. Nd6+ Rxd6
27. Rxd6 a5 28. Qc7+ Kg8 29. Rg1+ Kh8 30. Qg7# 1-0

[Event "Challenge"]
[Site "http://www.queenalice.com/game.php?id=275897"]
[Date "2007.9.23"]
[Round "-"]
[White "Jaione"]
[Black "elche"]
[Result "0-1"]
[WhiteElo "1643"]
[BlackElo "1630"]

1. d4 d5 2. e3 e6 3. Nf3 Nf6 4. Bd3 Bd6 5. O-O O-O 6. Ne5 c6 7. b3 Nbd7 8. f4
Re8 9. Nd2 Nf8 10. Ndf3 Ng6 11. Bxg6 fxg6 12. Ng5 Ne4 13. Nef7 Qc7 14. Qf3 Nxg5
15. Nxg5 h6 16. Nh3 Rf8 17. g3 c5 18. c3 b6 19. a3 Bb7 20. Qg4 cxd4 21. cxd4 Qc3
22. Qxe6+ Kh7 23. Ra2 Qc7 24. Bd2 Rae8 25. Qg4 Bc8 26. Qe2 Bxh3 27. Rf2 h5 28.
Qd3 Qe7 29. Qb5 Bd7 30. Qe2 Qe4 31. Bb4 Bxb4 32. axb4 Bg4 33. Qe1 Ra8 34. h4
Rfc8 35. b5 Rc3 36. Qxc3 Qe7 37. Rh2 Bf5 38. Qc6 Rd8 39. Qc3 Rc8 40. Qd2 Qc7 41.
Ra1 Qe7 42. Kf2 Rc2 43. Qxc2 Bxc2 44. Kg1 Bxb3 45. Re1 Qa3 46. Ree2 Bd1 47. Re1
Bf3 48. Rf2 Be4 49. Ree2 Kh6 50. Kh2 Qd3 51. Kh3 Bf3 52. Re1 Bg4+ 53. Kh2 Qxb5
54. e4 dxe4 55. Rxe4 a5 56. Re5 Qd3 57. d5 a4 58. Re8 Kh7 59. Rd8 a3 60. Ra2 Qf1
61. Rg2 Bf3 62. Rg1 Qe2+ 63. Kh3 Bg4# 0-1

[Event "Challenge"]
[Site "http://www.queenalice.com/game.php?id=275898"]
[Date "2007.9.23"]
[Round "-"]
[White "Jaione"]
[Black "elche"]
[Result "1-0"]
[WhiteElo "1650"]
[BlackElo "1358"]

1. d4 d5 2. Nf3 e6 3. e3 Nf6 4. Bd3 Bd6 5. O-O O-O 6. Ne5 c6 7. c4 Nbd7 8. f4
Re8 9. g4 Nf8 10. Nd2 Ng6 11. g5 Ne4 12. Nxe4 dxe4 13. Bxe4 Bxe5 14. fxe5 Qxg5+
15. Kh1 f5 16. Rg1 Qe7 17. Bg2 Rf8 18. Bd2 Bd7 19. a3 Rad8 20. Bb4 Qf7 21. Bxf8
Rxf8 22. Qe2 b6 23. b4 f4 24. Rgf1 Nh4 25. Rxf4 Qxf4 26. exf4 Rxf4 27. Rf1 Nxg2
28. Kxg2 Rg4+ 29. Kh3 Rg5 30. Qf3 Rf5 31. Qg2 1-0

[Event "Challenge"]
[Site "http://www.queenalice.com/game.php?id=275901"]
[Date "2007.9.23"]
[Round "-"]
[White "Jaione"]
[Black "elche"]
[Result "1-0"]
[WhiteElo "1652"]
[BlackElo "1437"]

1. d4 d5 2. Nc3 e6 3. e4 Bb4 4. Bd2 dxe4 5. Qg4 Bf8 6. Qxe4 Nf6 7. Qd3 c6 8. Nf3
Bb4 9. Ne5 Bxc3 10. Bxc3 Qd5 11. Qg3 O-O 12. Bd3 Nbd7 13. O-O Nh5 14. Qg4 Nxe5
15. dxe5 g6 16. Be4 Qd8 17. Rad1 Qe7 18. a3 Bd7 19. Bb4 c5 20. Bxc5 Qxc5 21.
Rxd7 Qxe5 22. Rxb7 Nf6 23. Qe2 Qxe4 24. Qxe4 Nxe4 25. f3 Nf6 26. g4 Rfd8 27. b4
Rd2 28. Rf2 Rxf2 29. Kxf2 Nd5 30. c4 Nb6 31. c5 Nd5 32. b5 Kf8 33. a4 a6 34. b6
Nb4 35. Ra7 Rb8 36. b7 Kg7 37. Ke3 Nd5+ 38. Kd4 Nb4 39. Kc4 a5 40. Kb5 f5 41. g5
e5 42. c6 Nxc6 43. Kxc6 e4 44. Ra8 exf3 45. Rxb8 f2 46. Rg8+ 1-0

[Event "Challenge"]
[Site "http://www.queenalice.com/game.php?id=278241"]
[Date "2007.9.28"]
[Round "-"]
[White "Jaione"]
[Black "cachoremaggi"]
[Result "1-0"]
[WhiteElo "1610"]
[BlackElo "1629"]

1. g3 Nc6 2. d4 d5 3. e3 Nf6 4. Bb5 a6 5. Bxc6+ bxc6 6. Nf3 e6 7. Ne5 Bd7 8. O-O
Bd6 9. a3 O-O 10. b4 Re8 11. f4 Ne4 12. Bb2 Rb8 13. c4 a5 14. c5 Bf8 15. Nxd7
Qxd7 16. Nc3 axb4 17. axb4 Rxb4 18. Rb1 Reb8 19. Nxe4 dxe4 20. Qc2 Rb3 21. Bc3
Rxb1 22. Rxb1 Rxb1+ 23. Qxb1 f5 24. Qb8 Qf7 25. Ba5 g6 26. Bxc7 Kg7 27. Be5+ Kh6
28. Bd6 Bg7 29. h4 Kh5 30. Qb2 Kg4 31. Qe2+ Kxg3 32. Qh2+ Kg4 33. Kg2 Qb7 34.
Qg3+ Kh5 35. Qg5# 1-0

[Event "Challenge"]
[Site "http://www.queenalice.com/game.php?id=280955"]
[Date "2007.10.4"]
[Round "-"]
[White "BboyH"]
[Black "Jaione"]
[Result "1-0"]
[WhiteElo "1699"]
[BlackElo "1667"]

1. c4 e5 2. e4 Nf6 3. Nc3 c5 4. Nf3 d6 5. Be2 Be7 6. O-O Nc6 7. d3 O-O 8. Bg5 h6
9. Bh4 g5 10. Bg3 g4 11. Nh4 Nd4 12. f3 Nxe2+ 13. Qxe2 Nh5 14. Qe3 Bg5 15. Qe2
Nxg3 16. hxg3 Bxh4 17. gxh4 Qxh4 18. fxg4 Bxg4 19. Qf2 Qh5 20. Nd5 f5 21. Ne7+
Kf7 22. Nxf5 Bxf5 23. exf5 Kf6 24. Qe3 Rg8 25. Rf3 Rg4 26. Kf2 Rag8 27. Rg1 Qh4+
28. Kf1 Qg5 29. Qe2 Rf4 30. g3 Rxf3+ 31. Qxf3 Qxf5 32. Kf2 Qxf3+ 33. Kxf3 Rf8
34. Ke4 Ke6 35. Rh1 Rf6 36. Rh2 a5 37. a4 Rg6 38. Rh3 b6 39. b3 Rg4+ 40. Kf3 Rd4
41. Rxh6+ Kd7 42. Ke3 Rg4 43. Kf3 Rg5 44. g4 Kc6 45. Rf6 Rg8 46. Rf7 Rh8 47. g5
Rh3+ 48. Ke4 Rg3 49. Rg7 Rg4+ 50. Kf3 Rf4+ 51. Ke3 Rh4 52. g6 d5 53. Re7 d4+ 54.
Kf3 Rf4+ 55. Kg3 Kd6 56. Rb7 Kc6 57. g7 Rf1 58. Kg2 Rf4 59. g8=Q Kxb7 60. Qd5+
Ka7 61. Qxe5 Rg4+ 62. Kf3 Rg1 63. Qc7+ Ka6 64. Qb8 Rg7 65. Qc8+ Ka7 66. Ke4 Re7+
67. Kd5 Rb7 68. Kc6 Rh7 69. Kb5 Rb7 70. Qh3 Re7 71. Qf1 Rc7 72. Qf4 Rb7 73. Qd6
Rb8 74. b4 axb4 75. a5 bxa5+ 76. Kxa5 Kb7 77. Qxc5 Ra8+ 78. Kxb4 Ra6 79. Qxd4
Rb6+ 80. Kc3 Ka6 81. c5 Rc6 82. Qa4+ Kb7 83. Qb5+ Kc7 84. d4 Re6 85. Qa5+ Kc6
86. Kc4 Kb7 87. Kb5 Rh6 88. d5 Kb8 89. c6 Rh7 90. Qb6+ Kc8 91. d6 Ra7 92. Qxa7
Kd8 93. Qd7# 1-0

[Event "Challenge"]
[Site "http://www.queenalice.com/game.php?id=282864"]
[Date "2007.10.8"]
[Round "-"]
[White "pviaro"]
[Black "Jaione"]
[Result "0-1"]
[WhiteElo "1835"]
[BlackElo "1627"]

1. d4 d5 2. c4 e6 3. Nc3 Bd7 4. Nf3 c5 5. e3 cxd4 6. Nxd4 Bb4 7. Bd2 Nc6 8. b3
Nf6 9. a3 Bxc3 10. Bxc3 a5 11. Nb5 Ne4 12. Bb2 O-O 13. Bd3 f5 14. cxd5 exd5 15.
Bc2 Qb6 16. Qxd5+ Rf7 17. Nd4 Rd8 18. Qb5 Qxb5 19. Nxb5 Be6 20. Nd4 Nxd4 21.
Bxd4 g5 22. f3 Nd6 23. a4 Re8 24. O-O-O Rc8 25. Kb2 b5 26. Bb6 bxa4 27. Rxd6
Bxb3 28. Bxb3 axb3 29. Kxb3 Rb7 30. Ka4 Rc2 31. Kxa5 Ra2+ 32. Kb5 Rb2+ 33. Ka6
Re7 34. Rg1 Ra2+ 35. Kb5 Rb2+ 36. Kc4 Rc2+ 37. Kd5 Rd2+ 38. Kc4 Rxd6 0-1

[Event "Challenge"]
[Site "http://www.queenalice.com/game.php?id=293179"]
[Date "2007.10.26"]
[Round "-"]
[White "theblackfox"]
[Black "Jaione"]
[Result "1-0"]
[WhiteElo "1605"]
[BlackElo "1644"]

1. e4 e5 2. Nf3 d6 3. Bc4 f6 4. Nc3 Bg4 5. Nd5 c6 6. Nxe5 Bxd1 7. Nxf6+ gxf6 8.
Nf7 Qe7 9. Kxd1 Qxe4 10. Re1 d5 11. Nxh8 Qxe1+ 12. Kxe1 1-0

[Event "Challenge"]
[Site "http://www.queenalice.com/game.php?id=293182"]
[Date "2007.10.26"]
[Round "-"]
[White "Jaione"]
[Black "theblackfox"]
[Result "0-1"]
[WhiteElo "1626"]
[BlackElo "1623"]

1. d4 d5 2. e3 Nf6 3. Nf3 Nc6 4. Bb5 Bf5 5. Ne5 g6 6. Bxc6+ bxc6 7. Nxc6 Qd6 8.
Ne5 Bg7 9. O-O O-O 10. c4 Rab8 0-1

[Event "Challenge"]
[Site "http://www.queenalice.com/game.php?id=293600"]
[Date "2007.10.26"]
[Round "-"]
[White "Jaione"]
[Black "danniel"]
[Result "1-0"]
[WhiteElo "1651"]
[BlackElo "1661"]

1. d4 Nf6 2. d5 d6 3. c4 e5 4. dxe6 Bxe6 5. e3 a6 6. Nf3 d5 7. Ne5 Bd6 8. f4 Ne4
9. cxd5 Bf5 10. Qf3 Bb4+ 11. Nd2 Qxd5 12. Nd3 Nc6 13. a3 Ba5 14. b4 Bb6 15. g4
Bd4 16. gxf5 O-O-O 17. Rb1 Rhe8 18. Nxe4 Rxe4 19. Bg2 Rde8 20. O-O f6 21. Qh3 h6
22. Bxe4 Qxe4 23. Rb3 b5 24. Nf2 Qd5 25. e4 Qxb3 26. Qxb3 Rd8 27. Be3 Bxe3 28.
Qxe3 Nd4 29. Rd1 Nc2 30. Rxd8+ Kb7 31. Qc5 Ne1 32. Rd7 Nf3+ 33. Kg2 Nh4+ 34. Kg3
g5 35. Qxc7+ Ka8 36. Qb7# 1-0